000 00850nam0a22002291i 4500
001 rc\717460
005 20260406142028.0
010 _a5895630014
_97000
035 _a(NLR Aleph) 005960835
090 _a6849212
_c6849211
100 _a20031121d1997 u |0rusy50 ca
101 0 _arus
102 _aRU
105 _ay |||||||||
200 1 _aЖилищное законодательство России
_eСб. норматив. док. с коммент.
_fАгентство "Бизнес-информ"
_g[Сост. Примаков Д.В.]
210 _aМ.
_cАгентство "Бизнес-информ"
_d1997
215 _a441 с.
_d21
712 0 2 _a"Бизнес-информ", агентство
_cМосква
_3RU\NLR\AUTH\889921146
_9338449
801 0 _aRU
_bNLR
_gpsbo
801 1 _aRU
_bELAR
_2rusmarc
852 _aNLR
_j97-3/12951
942 _cBOOK